The heart of missionary theology. (Record no. 10167)

000 -LEADER
fixed length control field 00967nam a2200241 a 4500
001 - CONTROL NUMBER
control field :::00007952$&:&@@
003 - CONTROL NUMBER IDENTIFIER
control field OkBaRHE
005 - DATE AND TIME OF LATEST TRANSACTION
control field 20100401160554.0
008 - FIXED-LENGTH DATA ELEMENTS--GENERAL INFORMATION
fixed length control field s1977 j 000 0 eng u
020 ## - INTERNATIONAL STANDARD BOOK NUMBER
International Standard Book Number 0802434835
040 ## - CATALOGING SOURCE
Transcribing agency
100 1# - MAIN ENTRY--PERSONAL NAME
Personal name Weiss, George Christian, 1910-
245 14 - TITLE STATEMENT
Title The heart of missionary theology.
260 ## - PUBLICATION, DISTRIBUTION, ETC. (IMPRINT)
Place of publication, distribution, etc Chicago, IL., :
Name of publisher, distributor, etc Moody Press
Date of publication, distribution, etc 1977
300 ## - PHYSICAL DESCRIPTION
Extent 63 p. ;
Dimensions 22 cm.
650 ## - SUBJECT ADDED ENTRY--TOPICAL TERM
Topical term or geographic name as entry element Missions
General subdivision Biblical Teaching
650 ## - SUBJECT ADDED ENTRY--TOPICAL TERM
Topical term or geographic name as entry element Missions
General subdivision Theory
942 ## - ADDED ENTRY ELEMENTS (KOHA)
Source of classification or shelving scheme
Koha item type Books
Copies
Permanent Location Copy number Date last seen Source of classification or shelving scheme Barcode Koha item type Lost status Date acquired Not for loan Damaged status Full call number Price effective from Shelving location Withdrawn status
RHEMA Bible Training College12010-04-14 7952Books 2010-04-14  BV 2063 .W44 19772010-04-14General Stacks 
RHEMA Bible Training College22010-04-14 15819Books 2010-04-14  BV 2063 .W44 19772010-04-14General Stacks 
RHEMA Bible Training College32010-04-14 16085Books 2010-04-14  BV 2063 .W44 19772010-04-14General Stacks 
RHEMA Bible Training College42010-04-14 16091Books 2010-04-14  BV 2063 .W44 19772010-04-14General Stacks